Vývoj daňového zaťaženia poľnohospodárskych podnikov Slovenskej republiky v rokoch 2001-2010

Kvantifikácia výšky daňového zaťaženia vybraného súboru podnikov poľnohospodárskej prvovýroby. Daňové zaťaženie podnikateľských subjektov a vývoj dane z príjmov PO poľnohospodárskych podnikov. Zákon č. 595/2003 Z. z. o dani z príjmu v znení neskorších predpisov.

Gespeichert in:
Bibliographische Detailangaben
1. Verfasser: Kútna, Angelika
Format: Buchkapitel
Sprache:Slowakisch
Schlagworte:
Tags: Tag hinzufügen
Keine Tags, Fügen Sie das erste Tag hinzu!

MARC

LEADER 00000nla a2200000 4500
001 0151754
005 20221104125818.9
041 0 |a slo 
044 |a CZ 
245 1 0 |a Vývoj daňového zaťaženia poľnohospodárskych podnikov Slovenskej republiky v rokoch 2001-2010  |c Angelika Kútna 
520 |a Kvantifikácia výšky daňového zaťaženia vybraného súboru podnikov poľnohospodárskej prvovýroby. Daňové zaťaženie podnikateľských subjektov a vývoj dane z príjmov PO poľnohospodárskych podnikov. Zákon č. 595/2003 Z. z. o dani z príjmu v znení neskorších predpisov. 
610 2 0 |a dane 
610 2 0 |a dane z príjmov 
610 2 0 |a dane poľnohospodárske 
610 2 0 |a zaťaženie daňové 
610 2 0 |a zákony 
610 2 0 |a osoby právnické 
610 2 0 |a podnik poľnohospodársky 
100 1 |a Kútna, Angelika